Zahlen-Labyrinth - Sudden Death - XXL - Statistiken

Allgemein
  • Dieses Quiz wurde 351 mal gespielt
  • Das Durchschnittsergebnis liegt bei 22 aus 36
Answers on the Grid
Answers color-coded by a green-red scale on the quiz's grid according to % correct below.
27
7
41
20
16
46
12
3
35
32
24
9
48
19
22
37
6
20
27
28
14
44
8
39
4
11
29
5
43
2
15
10
48
30
14
43
39
44
24
28
36
31
18
41
34
17
9
4
22
38
11
16
46
20
25
23
47
13
32
7
10
44
19
34
16
50
2
47
25
28
22
12
36
27
8
14
21
7
15
38
32
47
20
6
24
34
45
17
5
14
26
44
28
41
22
10
1
4
23
49
 
Antwortstatistiken
Antwort % Korrekt
27
96%
3
90%
7
89%
41
85%
35
83%
19
74%
27
67%
39
66%
43
65%
5
64%
15
63%
11
62%
29
62%
31
62%
43
62%
39
61%
11
59%
47
59%
9
59%
17
58%
19
58%
23
58%
47
57%
13
56%
25
55%
27
55%
15
53%
7
52%
21
51%
47
51%
45
48%
17
47%
41
46%
5
46%
23
44%
49
42%
Keine übereinstimmenden Quizze gefunden
Verteilung der Resultate
Anzahl Personen mit jedem Resultat
Perzentil nach korrekt beantworteten Fragen
Ihre Resultats-Entwicklung
Sie haben dieses Quiz noch nicht gespielt